JAKIE SĄ RODZAJE STRAŻY? - Statystyki

Ogólne statystyki
  • Ten quiz został rozwiązany 348 razy
  • Średni wynik to 3 z 5
Statystyki odpowiedzi
Odpowiedź % Poprawnych
POŻARNA
96%
MIEJSKA
85%
GRANICZNA
79%
OCHRONY KOLEI
27%
OCHRONY WYBRZEŻA
4%
Nie znaleziono quizów pasujących do podanych kryteriów
Rozkład punktacji
Procent ludzi z każdym wynikiem
Percentyl według liczby udzielonych odpowiedzi
Twoja historia wyników
Nie rozwiązałeś tego quizu